banner koha

Arte e segredos do bom café: café básico (Registro n. 9852)

MARC details
000 -LÍDER
Campo de controle fixo 01254nam a22004097a 4500
001 - NÚMERO DE CONTROLE
Número de controle BR2023000975
003 - CÓDIGO MARC DA AGÊNCIA CATALOGADORA
Campo de controle BR-BrBNA
005 - DATA E HORA DA ÚLTIMA ATUALIZAÇÃO
Campo de controle 20230823112032.0
008 - CAMPO DE TAMANHO FIXO
Campo fixo de controle 230823b bl.||||| |||| 00| 0 por d
020 ## - ISBN - INTERNATIONAL STANDARD BOOK NUMBER
ISBN 85-7333-237-9
040 ## - FONTE DA CATALOGAÇÃO
Agência catalogadora BR-BrBNA
Idioma da catalogação por
Agência que transcreveu Biblioteca Nacional de Agricultura
041 ## - CÓDIGO DO IDIOMA
Código do Idioma por
072 ## - CATEGORIA AGRIS
Código da categoria de assunto F01 ; Q02
Código do objeto 2120
090 ## - NÚMERO DE CHAMADA
Número de Chamada 2120 BR2023000975
100 ## - ENTRADA PRINCIPAL - NOME PESSOAL
Nome pessoal Relvas, Eliana
100 ## - ENTRADA PRINCIPAL - NOME PESSOAL
Nome pessoal Pinto, Mônica da Costa
100 ## - ENTRADA PRINCIPAL - NOME PESSOAL
Nome pessoal Monteiro, Christianne da Rocha
110 ## - ENTRADA PRINCIPAL - ENTIDADE
Nome da entidade ou lugar Serviço Brasileiro de Apoio às Micro e Pequenas Empresas, Brasília, DF (Brazil)
110 ## - ENTRADA PRINCIPAL - ENTIDADE
Nome da entidade ou lugar Associação Brasileira da Indústria de Café, Rio de Janeiro, RJ (Brazil)
245 ## - TÍTULO PRINCIPAL
Título principal Arte e segredos do bom café: café básico
Subtítulo Série Agronegócios; Coleção Café
260 ## - IMPRENTA (PUBLICAÇÃO, DISTRIBUIÇÃO, ETC.)
Lugar de publicação, distribuição, etc. Brasília, DF (Brazil)
Data de publicação, distribuição, etc 1997
300 ## - DESCRIÇÃO FÍSICA
Extensão 40 p.
500 ## - NOTA GERAL
Notas gerais 5 ref.; 39 illus.; 8 tables
650 ## - ASSUNTO - THESAGRO
Cabeçalho tópico ou nome geográfico CAFÉ
650 ## - ASSUNTO - THESAGRO
Cabeçalho tópico ou nome geográfico CAFEICULTURA
650 ## - ASSUNTO - THESAGRO
Cabeçalho tópico ou nome geográfico HISTÓRIA
650 ## - ASSUNTO - THESAGRO
Cabeçalho tópico ou nome geográfico ESPÉCIE
650 ## - ASSUNTO - THESAGRO
Cabeçalho tópico ou nome geográfico LAVOURA
650 ## - ASSUNTO - THESAGRO
Cabeçalho tópico ou nome geográfico CLASSIFICAÇÃO DE PRODUTO
650 ## - ASSUNTO - THESAGRO
Cabeçalho tópico ou nome geográfico MOAGEM
650 ## - ASSUNTO - THESAGRO
Cabeçalho tópico ou nome geográfico TORREFAÇÃO
650 ## - ASSUNTO - THESAGRO
Cabeçalho tópico ou nome geográfico SECAGEM
650 ## - ASSUNTO - THESAGRO
Cabeçalho tópico ou nome geográfico HIGIENE DE ALIMENTO
650 ## - ASSUNTO - THESAGRO
Cabeçalho tópico ou nome geográfico CONTROLE DE QUALIDADE
909 ## - IDENTIFICAÇÃO DO CATALOGADOR
Ano e mês da catalogação (aaaamm) 202308
Identificação do catalogador Fernando
942 ## - TIPO ESPECÍFICO
Tipo de material Livros
952 ## - LOCATION AND ITEM INFORMATION (KOHA)
-- 2023-08-23
Exemplares
Status de empréstimo Fonte de classificação Status de danificação Não pode ser emprestado Código da coleção Localização permanente Localização atual Localização na estante Total Checkouts Número de chamada Código de barras Tipo de material
  Classificação AGRIS     Agrobase Biblioteca Nacional de Agricultura - Binagri Biblioteca Nacional de Agricultura - Binagri Agrobase - Acervo Geral   2120 BR2023000975 2023-436162 Livros

BINAGRI

Telefone: (61)3218-2567/2388/3357/2097 - binagri@agro.gov.br

Ministério da Agricultura e Pecuária , Esplanada dos Ministérios, Bloco D, Anexo B, Brasília/DF, CEP: 70.043-900